| 000 | 00601nam a22002417a 4500 | ||
|---|---|---|---|
| 003 | UA-OsUOA | ||
| 001 | 91137 | ||
| 007 | ta | ||
| 008 | 20121122b un ||||| |||| 00| 0 ukr d | ||
| 100 | _aСизоненко О. | ||
| 090 |
_a821.161.2 _bС34 |
||
| 942 | _cBK | ||
| 040 |
_aUA-OsUOA _bukr _cUA-OsUOA _dUA-OsUOA |
||
| 245 |
_aСтеп _bроман |
||
| 300 | _a735 с. | ||
| 955 | _a3 | ||
| 041 | _aukr | ||
| 080 | _a821.161.2 | ||
| 260 |
_aК. _bДніпро _c1987 |
||
| 246 | 3 | 1 |
_aкн. 2 _n |
| 650 | 7 |
_a82 Література. Літературознавство _2UDC |
|
| 999 |
_c377412 _d377412 |
||